000 00503nam a2200169Ia 4500
008 090711s9999 xx 000 0 und d
082 _b55078
100 _aखाडिलकर नीलकंठ य.
245 _aलेखननामा
260 _c1986
300 _a204
600 _aखाडिलकर नीलकंठ य.
630 _aलेखननामा
700 _aखाडिलकर नीलकंठ य.
730 _aलेखननामा
942 _cBOOK
999 _c288309
_d288309